| 000 | 00544cam a2200217ua 4500 | ||
|---|---|---|---|
| 020 | _c5.00 | ||
| 041 |
_aeng _h |
||
| 082 |
_a531 _bNAR/TE |
||
| 100 | _aNarayanamurthi, M . | ||
| 245 |
_aText book of mechanics: dynamics / _cM.Narayanamurthi. _hTextual Documents |
||
| 250 |
_a5 / _b. |
||
| 260 |
_aChennai : _bThe National Publishing Co , _c1965. |
||
| 300 | _a336 ; . | ||
| 365 | _a5.00 | ||
| 504 | _a | ||
| 700 | 1 | _aVenkatesan, K.S . | |
| 942 | _cBK | ||
| 999 |
_c10099 _d10099 |
||